| 000 | 00492nam a22001817a 4500 | ||
|---|---|---|---|
| 003 | CEME | ||
| 005 | 20210628205858.0 | ||
| 008 | 210208b xxu||||| |||| 00| 0 eng d | ||
| 020 | _a0-07-022148-0 | ||
| 040 | _c. | ||
| 082 | _a363.731 FRE | ||
| 100 |
_aFreeman, Harry.M _977351 |
||
| 245 | _aIndustrial pollution prevention handbook | ||
| 260 |
_aNEWYORK _bMCGRAW HILL _c1995 |
||
| 300 | _a985P | ||
| 650 |
_aPOLLUTION PREVENTION INDUSTRY ENVIRONMENTAL ASPECTS _977352 |
||
| 942 |
_cBK _2ddc |
||
| 999 |
_c582637 _d582637 |
||